<?xml version="1.0" encoding="UTF-8"?><?xml-stylesheet type="text/xsl" href="static/style.xsl"?><OAI-PMH xmlns="http://www.openarchives.org/OAI/2.0/" xmlns:xsi="http://www.w3.org/2001/XMLSchema-instance" xsi:schemaLocation="http://www.openarchives.org/OAI/2.0/ http://www.openarchives.org/OAI/2.0/OAI-PMH.xsd"><responseDate>2026-06-30T21:36:19Z</responseDate><request verb="GetRecord" identifier="oai:repisalud.isciii.es:20.500.12105/11590" metadataPrefix="marc">https://repisalud.isciii.es/rest/oai/request</request><GetRecord><record><header><identifier>oai:repisalud.isciii.es:20.500.12105/11590</identifier><datestamp>2024-10-31T11:41:55Z</datestamp><setSpec>com_20.500.12105_19604</setSpec><setSpec>com_20.500.12105_2051</setSpec><setSpec>col_20.500.12105_19605</setSpec></header><metadata><record xmlns="http://www.loc.gov/MARC21/slim" xmlns:dcterms="http://purl.org/dc/terms/" xmlns:doc="http://www.lyncode.com/xoai" xmlns:xsi="http://www.w3.org/2001/XMLSchema-instance" xsi:schemaLocation="http://www.loc.gov/MARC21/slim http://www.loc.gov/standards/marcxml/schema/MARC21slim.xsd">
   <leader>00925njm 22002777a 4500</leader>
   <datafield ind2=" " ind1=" " tag="042">
      <subfield code="a">dc</subfield>
   </datafield>
   <datafield ind2=" " ind1=" " tag="720">
      <subfield code="a">Pascual-Figal, Domingo A</subfield>
      <subfield code="e">author</subfield>
   </datafield>
   <datafield ind2=" " ind1=" " tag="720">
      <subfield code="a">Wachter, Rolf</subfield>
      <subfield code="e">author</subfield>
   </datafield>
   <datafield ind2=" " ind1=" " tag="720">
      <subfield code="a">Senni, Michele</subfield>
      <subfield code="e">author</subfield>
   </datafield>
   <datafield ind2=" " ind1=" " tag="720">
      <subfield code="a">Bao, Weibin</subfield>
      <subfield code="e">author</subfield>
   </datafield>
   <datafield ind2=" " ind1=" " tag="720">
      <subfield code="a">Noè, Adele</subfield>
      <subfield code="e">author</subfield>
   </datafield>
   <datafield ind2=" " ind1=" " tag="720">
      <subfield code="a">Schwende, Heike</subfield>
      <subfield code="e">author</subfield>
   </datafield>
   <datafield ind2=" " ind1=" " tag="720">
      <subfield code="a">Butylin, Dmytro</subfield>
      <subfield code="e">author</subfield>
   </datafield>
   <datafield ind2=" " ind1=" " tag="720">
      <subfield code="a">Prescott, Margaret F</subfield>
      <subfield code="e">author</subfield>
   </datafield>
   <datafield ind2=" " ind1=" " tag="260">
      <subfield code="c">2020-10</subfield>
   </datafield>
   <datafield ind2=" " ind1=" " tag="520">
      <subfield code="a">This study examined the effects of sacubitril/valsartan on N-terminal pro-B-type natriuretic peptide (NT-proBNP) levels and determined patient characteristics associated with favorable NT-proBNP reduction response.&#xd;
NT-proBNP levels reflect cardiac wall stress and predict event risk in patients with acute decompensated heart failure (ADHF).&#xd;
Post-hoc analysis of the TRANSITION (Comparison of Pre- and Post-discharge Initiation of Sacubitril/Valsartan Therapy in HFrEF Patients After an Acute Decompensation Event) study, including stabilized ADHF patients with reduced ejection fraction, randomized to open-label sacubitril/valsartan initiation in-hospital (pre-discharge) versus post-discharge. NT-proBNP was measured at randomization (baseline), discharge, and 4 and 10 weeks post-randomization. A favorable NT-proBNP response was defined as reduction to ≤1,000 pg/ml or >30% from baseline.&#xd;
In patients receiving sacubitril/valsartan in-hospital, NT-proBNP was reduced by 28% at discharge, with 46% of patients obtaining favorable NT-proBNP reduction response compared with a 4% reduction and 18% favorable response rate in patients initiated post-discharge (p &lt; 0.001). NT-proBNP was reduced similarly in patients initiating sacubitril/valsartan pre- and post-discharge (reduction at 4 weeks: 25%/22%; 10 weeks: 38%/34%) with comparable favorable response rates (46%/42% and 51%/48% at 4 and 10 weeks, respectively). NT-proBNP favorable response at 4 weeks was associated with lower risk of first heart failure (HF) rehospitalization or cardiovascular death through 26 weeks (hazard ratio: 0.57; 95% confidence interval [CI]: 0.38 to 0.86; p = 0.007). Predictors of a favorable response at 4 weeks were starting dose ≥49/51 mg twice daily, higher baseline NT-proBNP, lower baseline serum creatinine, de novo HF, no atrial fibrillation, angiotensin-converting enzyme inhibitor-naive or angiotensin receptor blocker-naive, and no prior myocardial infarction.&#xd;
In-hospital initiation of sacubitril/valsartan produced rapid reductions in NT-proBNP, statistically significant at discharge. A favorable NT-proBNP response over time was associated with a better prognosis and predicted by higher starting dose and predisposing clinical profile. (Comparison of Pre- and Post-discharge Initiation of LCZ696 Therapy in HFrEF Patients After an Acute Decompensation Event [TRANSITION]; NCT02661217).</subfield>
   </datafield>
   <datafield ind1="8" ind2=" " tag="024">
      <subfield code="a">JACC Heart Fail. 2020; 8(10):822-833</subfield>
   </datafield>
   <datafield ind1="8" ind2=" " tag="024">
      <subfield code="a">10.1016/j.jchf.2020.05.012</subfield>
   </datafield>
   <datafield ind1="8" ind2=" " tag="024">
      <subfield code="a">2213-1779</subfield>
   </datafield>
   <datafield ind1="8" ind2=" " tag="024">
      <subfield code="a">JACC. Heart failure</subfield>
   </datafield>
   <datafield ind1="8" ind2=" " tag="024">
      <subfield code="a">32800508</subfield>
   </datafield>
   <datafield ind1="8" ind2=" " tag="024">
      <subfield code="a">http://hdl.handle.net/20.500.12105/11590</subfield>
   </datafield>
   <datafield ind2="0" ind1="0" tag="245">
      <subfield code="a">NT-proBNP Response to Sacubitril/Valsartan in Hospitalized Heart Failure Patients With Reduced Ejection Fraction: TRANSITION Study.</subfield>
   </datafield>
</record></metadata></record></GetRecord></OAI-PMH>